<?xml version="1.0" encoding="UTF-8"?>
<record
    xmlns:xsi="http://www.w3.org/2001/XMLSchema-instance"
    xsi:schemaLocation="http://www.loc.gov/MARC21/slim http://www.loc.gov/standards/marcxml/schema/MARC21slim.xsd"
    xmlns="http://www.loc.gov/MARC21/slim">

  <leader>01943nam a2200277 a 4500</leader>
  <controlfield tag="001">BRCA_3459</controlfield>
  <controlfield tag="005">20190320204308.0</controlfield>
  <datafield tag="041" ind1=" " ind2=" ">
    <subfield code="a">fre</subfield>
  </datafield>
  <datafield tag="044" ind1=" " ind2=" ">
    <subfield code="a">fr</subfield>
  </datafield>
  <datafield tag="084" ind1=" " ind2=" ">
    <subfield code="a">748</subfield>
    <subfield code="b">.L435</subfield>
    <subfield code="c">1726</subfield>
  </datafield>
  <datafield tag="245" ind1="1" ind2="0">
    <subfield code="a">Suite Nouvelle et V&#xE9;ritable de l&#xB4;Histoire et des Avantures de l&#xB4;Incomparable Don Quichotte de la Manche</subfield>
    <subfield code="c">Traduite d&#xB4;un Manuscrit Espagnol de Cid-Hamet Benengely son veritable Historien.</subfield>
  </datafield>
  <datafield tag="260" ind1=" " ind2=" ">
    <subfield code="a">Par&#xED;s</subfield>
    <subfield code="b">Charle le Clerc</subfield>
    <subfield code="c">1726</subfield>
  </datafield>
  <datafield tag="300" ind1=" " ind2=" ">
    <subfield code="a">6 v.</subfield>
    <subfield code="b">il.</subfield>
    <subfield code="c">17 cm.</subfield>
  </datafield>
  <datafield tag="500" ind1=" " ind2=" ">
    <subfield code="a">Contenido : v.1. Prefacio. Texto</subfield>
  </datafield>
  <datafield tag="500" ind1=" " ind2=" ">
    <subfield code="a">Es una disparatada continuaci&#xF3;n de la obra cervantina hecha por autor an&#xF3;nimo, en la cual D. Quijote y Sancho se dedican a la vida pastoril hasta el momento que aqu&#xE9;l fue llamado por el rey. &#xC9;ste le encarga una serie de aventuras caballerescas durante las cuales el caballero andante mata a un gigante y rescata un tesoro para el monarca, y liberta a Dulcinea que era esclava de un rey moro. Despu&#xE9;s de varias otras correr&#xED;as, llega la pareja andantesca al castillo de los Duques los cuales hacen de nuevo gobernador a Sancho Panza, haciendo &#xE9;ste mil rid&#xED;culas proezas al igual que su amo quien, poco despu&#xE9;s, muere. Pero Sancho, merced a su yerno que era el Conde de Blandanda, fue alcalde de dicho lugar, y si en la &#xCD;nsula Barataria acredit&#xF3;se como guardador de la justicia, esta vez se desacredit&#xF3; de tal manera que se vio precisado a abandonar dicho pueblo renunciando para siempre a los deseos de gobernar L&#xFA;dovik Osterc</subfield>
  </datafield>
  <datafield tag="500" ind1=" " ind2=" ">
    <subfield code="a">QM259A</subfield>
  </datafield>
  <datafield tag="546" ind1=" " ind2=" ">
    <subfield code="a">Texto en : franc&#xE9;s</subfield>
  </datafield>
  <datafield tag="650" ind1="1" ind2="4">
    <subfield code="a">Novela espa&#xF1;ola</subfield>
    <subfield code="y">&#xC9;poca cl&#xE1;sica, 1500-1700</subfield>
    <subfield code="9">215</subfield>
  </datafield>
  <datafield tag="650" ind1="1" ind2="4">
    <subfield code="a">Literatura espa&#xF1;ola</subfield>
    <subfield code="y">&#xC9;poca cl&#xE1;sica, 1500-1700</subfield>
    <subfield code="9">216</subfield>
  </datafield>
  <datafield tag="650" ind1="1" ind2="4">
    <subfield code="a">Novela espa&#xF1;ola</subfield>
    <subfield code="y">Siglo XVII</subfield>
    <subfield code="9">217</subfield>
  </datafield>
  <datafield tag="650" ind1="1" ind2="4">
    <subfield code="a">Don Quijote (Personaje ficticio)</subfield>
    <subfield code="e">Novela</subfield>
    <subfield code="9">218</subfield>
  </datafield>
  <datafield tag="700" ind1="1" ind2=" ">
    <subfield code="a">Cide Hamete Benengeli (Personaje ficticio)</subfield>
    <subfield code="9">9036</subfield>
  </datafield>
  <datafield tag="740" ind1="0" ind2=" ">
    <subfield code="a">El Ingenioso Hidalgo Don Quijote de la Mancha</subfield>
  </datafield>
  <datafield tag="902" ind1=" " ind2=" ">
    <subfield code="a">QFM</subfield>
  </datafield>
  <datafield tag="942" ind1=" " ind2=" ">
    <subfield code="2">lcc</subfield>
    <subfield code="c">B</subfield>
  </datafield>
  <datafield tag="999" ind1=" " ind2=" ">
    <subfield code="c">3195</subfield>
    <subfield code="d">3195</subfield>
  </datafield>
  <datafield tag="952" ind1=" " ind2=" ">
    <subfield code="0">0</subfield>
    <subfield code="1">0</subfield>
    <subfield code="4">0</subfield>
    <subfield code="7">0</subfield>
    <subfield code="a">BRCA</subfield>
    <subfield code="b">BRCA</subfield>
    <subfield code="d">2009-04-15</subfield>
    <subfield code="i">QM259A</subfield>
    <subfield code="l">0</subfield>
    <subfield code="o">748 .L435 1726 (QM259A)</subfield>
    <subfield code="p">3456</subfield>
    <subfield code="r">2019-03-22 00:00:00</subfield>
    <subfield code="w">2019-03-22</subfield>
    <subfield code="y">B</subfield>
  </datafield>
</record>
